Score 0/30 Timer 01:30
2 Plays Today
Group Any Item % Correct
3 Letter Body PartsEar
90.4%
Colors of a RainbowRed
86.7%
OceansArctic
86.3%
Months of the YearJanuary
86.3%
Days of the WeekMonday
86.2%
Chess PiecesKing
86.2%
5 SensesTaste
86.2%
Seasons of the YearWinter
85.8%
Spanish Numbers 1 - 5Uno
84.3%
Seven DwarfsHappy
83.7%
Card SuitsHearts
83.3%
Sides of a CoinHeads
82.6%
Planets of the SunMercury
82.2%
'Simpsons' Family Members (nuclear)Homer
82.1%
12 Zodiac SignsAquarius
81.9%
Group Any Item % Correct
Fab Four Beatles Members (first name)Paul
81.4%
Neapolitan Ice Cream FlavorsChocolate
81%
First 5 US Presidents (surname)Washington
79.4%
Clue(do) Murder WeaponsCandlestick
76.8%
1-Word Shakespeare PlaysMacbeth
75.6%
Sporcle CategoriesSports
75.5%
1-Word Pixar MoviesCars
75.3%
Chicago Big 4 Sports TeamsCubs
74.3%
Original 13 ColoniesVirginia
71.6%
4-Letter CountriesChad
71.6%
Canadian Territories and ProvincesYukon
71.3%
European Countries Starting with BBelgium
69.7%
Rice Krispies Cartoon MascotsSnap
68.6%
Three StoogesLarry
65.7%
Hogwarts HousesGryffindor
59.8%

You're not logged in!

Compare scores with friends on all Sporcle quizzes.
OR
Log In

Sporcle TV

Today on Sporcle TV


Watch our educational content, quiz creation guides, and fun videos on Sporcle TV.

Show Comments

Extras

Top Quizzes Today


Score Distribution

Paid Content

Your Account Isn't Verified!

In order to create a playlist on Sporcle, you need to verify the email address you used during registration. Go to your Sporcle Settings to finish the process.

Report this User

Report this user for behavior that violates our Community Guidelines.

Details: